000
00219nam a2200097Ia 4500
008
240331s9999 xx 000 0 und d
082
_b
DOM
100
_a
Nelson, E. ed
245
0
_a
Domestic volence in cambodia
942
_c
L
999
_c
2886
_d
2886